000 00837cam a2200193 4500
005 20250905132738.0
008 051117s2002 ag 000 0 spa u
020 _a9875170410
050 0 4 _aKHA335.C65
_bP37 2002
100 1 _aPardini, Aníbal A.
245 1 0 _aDerecho de Internet
_b : Defensa del nombre de dominio, Naturaleza jurídica del e-mail, Protección jurídica de la página web, Prueba tecnológica, Documento digital, Modelos de cláusulas contractuales, Principios fiscales aplicables al comercio electrónico, Seguridad en Internet
_c / Aníbal A. Pardini
250 _a1a ed.
260 _aBuenos Aires :
_bEdiciones La Rocca,
_c2002
300 _a381 p. ;
_c23 cm.
504 _aBibliografía: p. 379-381
506 _aPifi 3.1
650 4 _aInternet
_xDerecho
_xLegislación
_zArgentina
942 _2lcc
_cLIB
999 _c133756
_d133756